000 00425nam a22001457a 4500
008 150121b xxu||||| |||| 00| 0 eng d
050 _aSPC PR9390.9.B41A3
100 _aBennett, Monty
_914440
245 _aAkhenaton, the compulsion of truth:
_bA play in three acts/
_cMonty Bennett.
260 _a[S.I.] :
_b[s.n.]
_c1982.
300 _a102p.
_c36 cm.
500 _aStencilled
650 _aPlays
_914473
942 _2lcc
_cSPC
999 _c121848
_d121848